000 00396nam a2200157Ia 4500
008 210716s1989 xx 000 0 und d
020 _a876925794
041 _aeng
082 _a005.133 TONC
100 _aTondo, Clovis;Gimpel, Scott E.
245 _aC answer book.
250 _a2
260 _aNew Delhi
_bPrentice Hall of India PVt Ltd.
_c1989
300 _a208
650 _aC Programming
999 _c181949
_d181949